000 00652nam a2200193Ia 4500
003 IN-BaIIA
008 211028s9999 xx 000 0 eng d
040 _cIIA Library
080 _a69.01:624
_bIND-23
110 _aBureau of Indian Standards
_920631
245 0 _aIndian standard: method of measurement of building and civil engineering works
_bpt. 23, piling
_cBureau of Indian Standards
250 _a4th ed.
260 _aNew Delhi
_bBureau of Indian Standards
_c2008
300 _a5p.
650 _acivil engineering work
_933825
650 _aIndian standard
_933826
650 _aPiling
_933827
942 _cBK
999 _c17816
_d17816